| 000 | 00797nam a22002177a 4500 | ||
|---|---|---|---|
| 999 |
_c17023 _d17023 |
||
| 003 | AR-CdUCM | ||
| 008 | 190507b ||||| |||| 00| 0 spa d | ||
| 040 |
_aMUNICIPALIDAD PROVINCIAL DEL CUSCO _cBIBLIOTECA MUNICIPAL DEL CUSCO |
||
| 082 |
_a320.1 / _bP79 / [1934] |
||
| 100 |
_aPosada, Adolfo _929917 |
||
| 245 | _aCiencia política / | ||
| 260 |
_aBarcelona : _bSucesores de Manuel Soler, _c[1934]. |
||
| 300 |
_a182 páginas ; _c17 cm. |
||
| 440 |
_aCompañía anónima de librería, publicaciones y ediciones _936835 |
||
| 505 | _aContenido : Sobre la necesidad de conocer la política -- Nocion de la politice -- La política como ciencia ... | ||
| 650 |
_aPolítica _9291 |
||
| 650 |
_aNociones _927328 |
||
| 650 |
_aCiencia _92098 |
||
| 942 |
_2ddc _cLIBROS |
||
| 945 |
_arah _d07/05/2019 |
||